000 00613cam a22002053a 4500
001 39807
003 PGUSA
005 20140828083904.0
008 120526s2012||||xxu|||||s|||||000 | eng d
040 _aPGUSA
_beng
042 _adc
100 1 _aMears, James R.
245 1 4 _aThe Iron Boys in the Steel Mills ;
_bor, Beginning Anew in the Cinder Pits
_h[electronic resource] /
_cJames R. Mears
260 _bProject Gutenberg,
_c2012
506 _aPublic domain in the USA.
516 _aElectronic text
830 0 _aProject Gutenberg
_v39807
856 4 0 _uhttp://www.gutenberg.org/ebooks/39807
942 _cEB
999 _c269060
_d269060